Torture garden /

"A special sideshow torture exhibit has the power, according to showman, Dr. Diablo, to warn people of evil in their futures."--Container.

Bibliographic Details
Corporate Authors: Amicus Film Productions, Columbia Pictures, Sony Pictures Home Entertainment (Firm)
Other Authors: Bloch, Robert, 1917-1994, Rosenberg, Max J., 1914-2004, Subotsky, Milton, Francis, Freddie, 1917-2007, Palance, Jack, 1919-2006, Meredith, Burgess, 1907-1997, Adams, Beverly, Cushing, Peter, 1913-1994, Denham, Maurice, 1909-2002
Format: Video DVD
Language:English
Language Notes:English with English, French or Japanese subtitles; closed captioned.
Published: Culver City, CA : [United States] : Columbia Pictures ; Sony Pictures Home Entertainment, [2005]
Subjects:

MARC

Tag First Indicator Second Indicator Subfields
LEADER 00000cgm a2200000Ia 4500
001 in00002783582
005 20150922151725.0
007 vd cvaizu
008 051128s2005 cau100 e vleng d
020 |a 1404983392 
020 |a 9781404983397 
024 1 |a 043396111806 
028 4 0 |a 11180  |b Columbia Pictures 
035 |a (OCoLC)ocm62355437 
035 |a (OCoLC)62355437 
040 |a KCK  |b eng  |c KCK  |d OCLCA  |d OCLCQ  |d OCLCG  |d RCS  |d TEF  |d OCLCA  |d OCLCQ  |d UtOrBLW 
041 1 |a eng  |j fre  |j jpn  |h eng 
049 |a TXAM 
050 1 4 |a PN1997  |b .T67 2005 
082 0 4 |a 791.43/72  |2 22 
090 |a PN1995.9.H6  |b T67 2005 
245 0 0 |a Torture garden /  |c an Amicus Production presented by Columbia Pictures ; written by Robert Bloch ; produced by Max J. Rosenberg and Milton Subotsky ; directed by Freddie Francis. 
264 1 |a Culver City, CA :  |b Columbia Pictures ;  |a [United States] :  |b Sony Pictures Home Entertainment,  |c [2005] 
264 4 |c ©2005 
300 |a 1 videodisc (approximately 100 min.) :  |b sound, color ;  |c 4 3/4 in. 
336 |a two-dimensional moving image  |b tdi  |2 rdacontent 
337 |a video  |b v  |2 rdamedia 
338 |a videodisc  |b vd  |2 rdacarrier 
538 |a DVD; region 1; anamorphic widescreen (1.85:1) presentation; Dolby Digital, remastered in High Definition. 
546 |a English with English, French or Japanese subtitles; closed captioned. 
511 1 |a Jack Palance, Burgess Meredith, Beverly Adams, Peter Cushing, Maurice Denham. 
508 |a Written by Robert Bloch ; produced by Max J. Rosenberg and Milton Subotsky ; directed by Freddie Francis. 
500 |a Videodisc release of the 1967 motion picture, copyright renewed 1995. 
521 8 |a Not rated. 
520 |a "A special sideshow torture exhibit has the power, according to showman, Dr. Diablo, to warn people of evil in their futures."--Container. 
500 |a Videorecording. 
650 0 |a Sideshows  |v Drama. 
650 0 |a Torture  |v Drama. 
655 7 |a Horror films.  |2 lcgft 
655 7 |a Feature films.  |2 lcgft 
655 7 |a Fiction films.  |2 lcgft 
655 7 |a Video recordings for the hearing impaired.  |2 lcgft 
700 1 |a Bloch, Robert,  |d 1917-1994. 
700 1 |a Rosenberg, Max J.,  |d 1914-2004. 
700 1 |a Subotsky, Milton. 
700 1 |a Francis, Freddie,  |d 1917-2007. 
700 1 |a Palance, Jack,  |d 1919-2006. 
700 1 |a Meredith, Burgess,  |d 1907-1997. 
700 1 |a Adams, Beverly. 
700 1 |a Cushing, Peter,  |d 1913-1994. 
700 1 |a Denham, Maurice,  |d 1909-2002. 
710 2 |a Amicus Film Productions. 
710 2 |a Columbia Pictures. 
710 2 |a Sony Pictures Home Entertainment (Firm) 
994 |a C0  |b TXA 
948 |a cataloged  |b h  |c 2012/12/5  |d c  |e blrosas  |f 9:19:02 am 
999 |a MARS 
999 f f |s 55d58eca-8ef0-3158-91a8-b2931c403fdf  |i 0624d625-6e82-3bc0-bab4-09c74fa8323c  |t 0 
952 f f |p ric  |a Texas A&M University  |b Rellis Campus  |c Joint Library Facility  |d Remote Storage  |t 0  |e PN1995.9.H6 T67 2005  |h Library of Congress classification  |i video -- videodisc  |m A14841626367 
998 f f |a PN1995.9.H6 T67 2005  |t 0  |l Remote Storage